Stray Kids: Super Bowl Lyrics - Statistics

General Stats
  • This quiz has been taken 22 times
  • The average score is 259 of 425
Answer Stats
Lyrics % Correct
a
100%
the
100%
we
100%
Cookin
94%
cookin
94%
I
94%
kitchen
94%
Kitchen
94%
up
94%
Bowl
88%
ha
88%
in
88%
In
88%
mic
88%
Super
88%
yeah
88%
Yeah
88%
all
82%
Finger
82%
it
82%
Lickin
82%
of
82%
Open
82%
bite
76%
cake
76%
piece
76%
you
76%
You
76%
Michelin
71%
storm
71%
wide
71%
your
71%
feel
65%
have
65%
mine
65%
time
65%
by
59%
come
59%
divine
59%
do
59%
for
59%
Hell
59%
If
59%
irresistible
59%
line
59%
Make
59%
more
59%
name
59%
off
59%
rules
59%
say
59%
so
59%
wanna
59%
want
59%
again
53%
and
53%
be
53%
Different
53%
dirty
53%
every
53%
hands
53%
just
53%
know
53%
no
53%
play
53%
alive
47%
blaze
47%
bussin
47%
dish
47%
don't
47%
Fresh
47%
fresh
47%
hella
47%
I'mma
47%
it's
47%
Keep
47%
me
47%
new
47%
Our
47%
see
47%
show
47%
system
47%
taste
47%
that
47%
everything
41%
Everything
41%
Feeling
41%
filter
41%
fine
41%
flavours
41%
fusion
41%
light
41%
like
41%
mind
41%
my
41%
out
41%
over
41%
resolution
41%
Take
41%
tasting
41%
wait
41%
are
35%
Bass
35%
eat
35%
fire
35%
Hell's
35%
kilter
35%
pop
35%
prime
35%
speakers
35%
Spittin
35%
stars
35%
state
35%
Taking
35%
thank
35%
this
35%
to
35%
addicted
29%
Bellowing
29%
craving
29%
days
29%
Ey
29%
ey
29%
eyes
29%
feed
29%
gang
29%
kicking
29%
lowest
29%
Mixin
29%
night
29%
now
29%
(shh)
29%
timeline
29%
true
29%
ultimate
29%
way
29%
you're
29%
behind
24%
best
24%
bring
24%
Came
24%
Can't
24%
Counting
24%
darkest
24%
Dominate
24%
even
24%
harder
24%
head
24%
Hottest
24%
I'll
24%
invented
24%
leftovers
24%
lookin
24%
photo
24%
plate
24%
rain
24%
resist
24%
Scrollin
24%
there's
24%
us
24%
was
24%
ah
18%
bang
18%
Cause
18%
crowds
18%
finish
18%
free
18%
heyday
18%
never
18%
pay
18%
Product
18%
samples
18%
scent
18%
sellin
18%
share
18%
sold
18%
through
18%
you'll
18%
doubt
12%
drought
12%
everybody's
12%
got
12%
much
12%
shape
12%
trail
12%
trend
12%
blowin
6%
clouds
6%
Order
6%
receipts
6%
irrestistible
0%
No matching quizzes found
Score Distribution
Percent of People with Each Score
Percentile by Number Answered
Your Score History
You have not taken this quiz